| 000 | 00561nam a2200121Ia 4500 | ||
|---|---|---|---|
| 008 | 220616s9999||||xx |||||||||||||| ||und|| | ||
| 100 | _aNavia, C. E.||Augusto, Carlos||de Oliveira, Marcel N. | ||
| 245 | 0 | _aChapter The Highest Geomagnetic Storms of the Solar Cycle Observed at Ground Level | |
| 546 | _aEnglish[eng] | ||
| 650 | _asolar physics, geomagnetic storms, space weather, particle detectors | ||
| 856 | _uhttps://library.oapen.org/bitstream/20.500.12657/49275/1/60305.pdf||https://library.oapen.org/bitstream/20.500.12657/49275/1/60305.pdf | ||
| 942 | _cEB | ||
| 999 |
_c20889 _d20889 |
||